[Event "Lichtenberger Sommer"]
[Site "Berlin"]
[Date "2009.08.15"]
[Round "1.1"]
[White "Rabiega, Robert"]
[Black "Scheide, Helmut"]
[Result "0-1"]
[WhiteElo "2474"]
[BlackElo "1810"]
[PlyCount "100"]
[EventDate "2009.??.??"]
[WhiteTeam "SK König Tegel 1949 e.V."]
[BlackTeam "USV Potsdam e.V., Abt. Schach"]

1. e4 e5 2. Bc4 Nf6 3. d3 c6 4. Nf3 d5 5. Bb3 Nbd7 6. O-O Be7 7. exd5 cxd5 8.
Re1 O-O 9. Nxe5 Nxe5 10. Rxe5 Bd6 11. Re1 Ng4 12. h3 Qh4 13. Be3 Re8 14. Bd4
Be6 15. c3 Nf6 16. Nd2 Bxh3 17. Rxe8+ Rxe8 18. Bxf6 gxf6 19. Qf3 Bh2+ 20. Kxh2
Bg4+ 21. Kg1 Bxf3 22. Nxf3 Qh5 23. Nd4 Qe5 24. g3 Qg5 25. Rd1 h5 26. Kg2 h4 27.
Nf3 h3+ 28. Kxh3 Qf5+ 29. Kg2 Re2 30. d4 Rxb2 31. Re1 a5 32. Re8+ Kg7 33. Rd8
Qe4 34. Bxd5 Qe3 35. Nh4 Rxf2+ 36. Kh3 Qe2 37. Bg2 Qxa2 38. d5 Qc4 39. d6 f5
40. Kh2 f4 41. d7 Qc7 42. Ra8 fxg3+ 43. Kh3 Qxd7+ 44. Kxg3 Rc2 45. Be4 Rxc3+
46. Kf4 Qd2+ 47. Kg4 Rc4 48. Nf5+ Kf6 49. Ng3 Qg5+ 50. Kh3 Rc3 0-1

[Event "Lichtenberger Sommer"]
[Site "Berlin"]
[Date "2009.08.15"]
[Round "1.2"]
[White "Batschari, Alexander"]
[Black "Meister, Jakob"]
[Result "0-1"]
[WhiteElo "1808"]
[BlackElo "2443"]
[PlyCount "66"]
[EventDate "2009.??.??"]
[WhiteTeam "SV Königsjäger Süd-West e.V."]
[BlackTeam "SK Zehlendorf e.V."]

1. d4 d5 2. Nf3 c6 3. c3 Bf5 4. Bf4 Nd7 5. Qb3 b5 6. a4 a6 7. e3 Nb6 8. axb5
axb5 9. Na3 f6 10. Be2 e6 11. O-O g5 12. Bg3 h5 13. Bxb5 cxb5 14. Nxb5 Rh7 15.
Bc7 Rxa1 16. Bxd8 Rxf1+ 17. Kxf1 Kxd8 18. Ke2 Rb7 19. Nd2 Bg6 20. c4 dxc4 21.
Nxc4 Nxc4 22. Qxc4 Be8 23. Nc3 Rxb2+ 24. Kf3 Bd7 25. Ne4 g4+ 26. Kg3 f5 27. Qc3
Rb5 28. Ng5 Be7 29. Nf7+ Ke8 30. Ne5 h4+ 31. Kf4 Nf6 32. e4 Nxe4 33. Qc4 Bg5#
0-1

[Event "Lichtenberger Sommer"]
[Site "Berlin"]
[Date "2009.08.15"]
[Round "1.3"]
[White "Kalinitschew, Sergey"]
[Black "Schmalzried, Volker"]
[Result "1-0"]
[WhiteElo "2443"]
[BlackElo "1803"]
[PlyCount "67"]
[EventDate "2009.??.??"]
[WhiteTeam "SK Zehlendorf e.V."]
[BlackTeam "Umweltbundesamt"]

1. d4 g6 2. e4 Bg7 3. Nf3 c5 4. d5 d6 5. Nc3 Nf6 6. Bb5+ Bd7 7. a4 O-O 8. O-O
Bxb5 9. axb5 Nbd7 10. Qe2 Re8 11. Rd1 Qc7 12. Bf4 Nh5 13. Bd2 Nhf6 14. h3 e6
15. dxe6 Rxe6 16. Bf4 Ne5 17. Nxe5 dxe5 18. Bg5 b6 19. Bxf6 Bxf6 20. Nd5 Qb7
21. Ra6 Kg7 22. Rda1 Bg5 23. Qc4 Rd6 24. Qa2 f5 25. Rxa7 Rxa7 26. Qxa7 Qxa7 27.
Rxa7+ Kh6 28. f3 fxe4 29. fxe4 Rd8 30. g3 Rf8 31. Kg2 Bc1 32. b3 Bb2 33. Ra2
Bc1 34. c4 1-0

[Event "Lichtenberger Sommer"]
[Site "Berlin"]
[Date "2009.08.15"]
[Round "1.4"]
[White "Brüning, Wolfgang"]
[Black "Richter, Michael"]
[Result "0-1"]
[WhiteElo "1803"]
[BlackElo "2415"]
[PlyCount "70"]
[EventDate "2009.??.??"]
[WhiteTeam "Queer-Springer SSV Berlin"]
[BlackTeam "Schachpinguine Berlin e.V."]

1. d4 d5 2. c4 e6 3. Nf3 c6 4. Qc2 dxc4 5. g3 Nf6 6. Bg2 b5 7. a4 Bb7 8. O-O
Nbd7 9. Rd1 a6 10. b3 cxb3 11. Qxb3 Bd6 12. Nbd2 O-O 13. Ba3 Qe7 14. Bxd6 Qxd6
15. e4 Qe7 16. e5 Nd5 17. Ne4 Rab8 18. Nd6 N7b6 19. Nd2 Nxa4 20. N2e4 Ba8 21.
Nc5 Qa7 22. Rdc1 Nxc5 23. Rxc5 Nb6 24. Ra5 Nd7 25. Rc1 Qxd4 26. Rxa6 Nc5 27.
Rxc5 Qxc5 28. Qb2 b4 29. Be4 Qc3 30. Qe2 Qc1+ 31. Kg2 c5 32. Rxa8 Rxa8 33. Qh5
Qh6 34. Qf3 Rad8 35. Nb7 c4 0-1

[Event "Lichtenberger Sommer"]
[Site "Berlin"]
[Date "2009.08.15"]
[Round "1.5"]
[White "Von Herman, Ulf"]
[Black "Küster, Manfred"]
[Result "1-0"]
[WhiteElo "2359"]
[BlackElo "1800"]
[PlyCount "65"]
[EventDate "2009.??.??"]
[WhiteTeam "SK König Tegel 1949 e.V."]
[BlackTeam "BSC Rehberge 1945 e.V."]

1. d4 Nf6 2. c4 c5 3. d5 b5 4. f3 bxc4 5. e4 e6 6. Nc3 exd5 7. Nxd5 Bb7 8. Bxc4
Nxd5 9. Bxd5 Bxd5 10. Qxd5 Nc6 11. Bd2 Be7 12. Ne2 O-O 13. O-O Qb6 14. Bc3 Rfd8
15. Kh1 Nb4 16. Bxb4 Qxb4 17. b3 a5 18. Nf4 a4 19. Nd3 Qb6 20. Ne5 Qe6 21. Rad1
Qxd5 22. Rxd5 axb3 23. axb3 f6 24. Nxd7 Kf7 25. h4 Ra3 26. Rb1 Ke6 27. Nxc5+
Kf7 28. Rxd8 Bxd8 29. Nd3 Bb6 30. Kh2 Be3 31. Kh3 Ke6 32. Nb4 Ke5 33. Nc2 1-0

[Event "Lichtenberger Sommer"]
[Site "Berlin"]
[Date "2009.08.15"]
[Round "1.6"]
[White "Nagel, Gerhard"]
[Black "Carlstedt, Jonathan"]
[Result "0-1"]
[WhiteElo "1797"]
[BlackElo "2309"]
[PlyCount "82"]
[EventDate "2009.??.??"]
[WhiteTeam "SC Einheit Bautzen"]
[BlackTeam "Hamburger SK von 1830 eV"]

1. e4 c5 2. Nf3 d6 3. d4 cxd4 4. Nxd4 Nf6 5. Nc3 g6 6. Be2 Bg7 7. Be3 Nc6 8.
Qd2 Bd7 9. O-O O-O 10. h3 Nxd4 11. Bxd4 Bc6 12. Qd3 b5 13. Bf3 e5 14. Be3 b4
15. Ne2 Nxe4 16. Bxe4 d5 17. Qa6 Qd7 18. Bc5 Rfc8 19. Rfd1 Bb5 20. Rxd5 Qxd5
21. Bxd5 Bxa6 22. Bxa8 Bxe2 23. Re1 Bb5 24. Bxb4 Rxa8 25. b3 Bc6 26. Rd1 Rc8
27. c4 e4 28. Bc5 a6 29. Bb6 f5 30. b4 Ba4 31. Rd5 Rxc4 32. Rd8+ Kf7 33. Ra8
Rc1+ 34. Kh2 Be5+ 35. g3 Bd1 36. Be3 Rb1 37. Ra7+ Ke8 38. Ra8+ Kd7 39. Ra7+ Kd8
40. Ra8+ Kc7 41. Ra7+ Kb8 0-1

[Event "Lichtenberger Sommer"]
[Site "Berlin"]
[Date "2009.08.15"]
[Round "1.7"]
[White "Muse, Drazen"]
[Black "Forster, Manfred"]
[Result "1-0"]
[WhiteElo "2308"]
[BlackElo "1791"]
[PlyCount "61"]
[EventDate "2009.??.??"]
[WhiteTeam "SK König Tegel 1949 e.V."]
[BlackTeam "SK Singen"]

1. d4 Nf6 2. c4 e5 3. dxe5 Ne4 4. a3 Nc6 5. Nf3 d6 6. e3 Bf5 7. Bd3 dxe5 8. Qc2
Nxf2 9. Bxf5 Nxh1 10. Nc3 g6 11. Be4 f5 12. Bxc6+ bxc6 13. Bd2 e4 14. Nxe4 fxe4
15. Qxe4+ Be7 16. Qxc6+ Kf8 17. Bc3 Rg8 18. Ke2 Qe8 19. Qxc7 Rc8 20. Qf4+ Qf7
21. Qxf7+ Kxf7 22. Rxh1 Rge8 23. Kd3 Kg8 24. b4 Rcd8+ 25. Bd4 h5 26. c5 Bf6 27.
Rc1 g5 28. c6 g4 29. c7 gxf3 30. cxd8=Q Rxd8 31. gxf3 1-0

[Event "Lichtenberger Sommer"]
[Site "Berlin"]
[Date "2009.08.15"]
[Round "1.8"]
[White "Lerch, Philipp"]
[Black "Bach, Matthias"]
[Result "0-1"]
[WhiteElo "1785"]
[BlackElo "2286"]
[PlyCount "40"]
[EventDate "2009.??.??"]
[WhiteTeam "TuS Makkabi Berlin e.V."]
[BlackTeam "Hamburger SK von 1830 eV"]

1. e4 c5 2. Nc3 a6 3. g3 b5 4. Bg2 Bb7 5. Nge2 e6 6. O-O b4 7. Nb1 d5 8. e5 Nc6
9. f4 Nh6 10. d3 Nf5 11. c3 h5 12. Bd2 Qb6 13. c4 dxc4 14. dxc4 O-O-O 15. Qe1
h4 16. Qf2 hxg3 17. hxg3 Rd3 18. a3 Ncd4 19. Nxd4 Nxd4 20. axb4 Rxg3 0-1

[Event "Lichtenberger Sommer"]
[Site "Berlin"]
[Date "2009.08.15"]
[Round "1.9"]
[White "Vogel, Robert"]
[Black "Kapp, Frank"]
[Result "0-1"]
[WhiteElo "2267"]
[BlackElo "1778"]
[PlyCount "144"]
[EventDate "2009.??.??"]
[WhiteTeam "SGem Pang/Rosenheim"]
[BlackTeam "TSV IFA Chemnitz"]

1. d4 e6 2. e4 d5 3. Nd2 Nf6 4. e5 Nfd7 5. Bd3 c5 6. c3 Nc6 7. Ne2 Be7 8. O-O
O-O 9. Nf3 f6 10. Nf4 Nb6 11. exf6 Bxf6 12. dxc5 e5 13. cxb6 exf4 14. Qc2 h6
15. Bxf4 Qxb6 16. Bg3 Be6 17. Rae1 Bf7 18. Ne5 Bxe5 19. Bxe5 Nxe5 20. Rxe5 Rfe8
21. Rfe1 Rxe5 22. Rxe5 Re8 23. Rxe8+ Bxe8 24. Qe2 Bg6 25. b4 Qf6 26. h3 a6 27.
Qd2 Bxd3 28. Qxd3 Qc6 29. Qd4 b5 30. Qe5 Qc4 31. a3 Qb3 32. f4 Kh7 33. f5 Qxa3
34. f6 gxf6 35. Qxf6 Qc1+ 36. Kh2 Qd2 37. h4 h5 38. Kh3 Qe3+ 39. Kh2 Qd2 40.
Qe5 Kh6 41. Kg3 Qd3+ 42. Kf2 Qd2+ 43. Kf3 Kg6 44. Qe6+ Kg7 45. Qe3 Qd1+ 46. Qe2
Qb3 47. Qd2 Kf7 48. g4 hxg4+ 49. Kxg4 Qc4+ 50. Qf4+ Kg6 51. Qxc4 dxc4 52. Kf4
Kh5 53. Ke4 Kxh4 54. Kd4 Kg3 55. Kc5 Kf2 56. Kb6 Ke3 57. Kxa6 Kd3 58. Kxb5 Kxc3
59. Kc5 Kd3 60. b5 c3 61. b6 c2 62. b7 c1=Q+ 63. Kb6 Qb2+ 64. Kc7 Qc3+ 65. Kd8
Qh8+ 66. Kc7 Qe5+ 67. Kc8 Qc5+ 68. Kd8 Qd6+ 69. Kc8 Qc6+ 70. Kb8 Kc4 71. Ka7
Qc7 72. Ka8 Qa5+ 0-1

[Event "Lichtenberger Sommer"]
[Site "Berlin"]
[Date "2009.08.15"]
[Round "1.10"]
[White "Kazman, Caner"]
[Black "Solonar, Stefan"]
[Result "0-1"]
[WhiteElo "1768"]
[BlackElo "2266"]
[PlyCount "74"]
[EventDate "2009.??.??"]
[WhiteTeam "SV Empor Berlin e.V."]
[BlackTeam "SC Heusenstamm"]

1. Nf3 c5 2. c4 Nf6 3. b3 d5 4. d3 Nc6 5. Bb2 d4 6. Nbd2 e5 7. h3 Bd6 8. g4 O-O
9. Bg2 Re8 10. Qb1 Rb8 11. Ng5 Bf8 12. Nge4 Nxe4 13. Bxe4 Ne7 14. g5 f5 15.
gxf6 gxf6 16. Qc2 f5 17. Bf3 Ng6 18. O-O-O Bh6 19. Kb1 Be6 20. Nf1 Kh8 21. Bc1
Bxc1 22. Qxc1 Qh4 23. Ng3 a6 24. Rdf1 Nf4 25. Qa3 Qe7 26. h4 b5 27. Qxa6 bxc4
28. dxc4 e4 29. e3 Nd3 30. Bh5 Ra8 31. Qc6 Rec8 32. Qb6 Rcb8 33. Qc6 Rxa2 34.
Be2 Rxb3+ 35. Kxa2 Rb2+ 36. Ka3 Qa7+ 37. Qa4 Ra2+ 0-1

[Event "Lichtenberger Sommer"]
[Site "Berlin"]
[Date "2009.08.15"]
[Round "1.11"]
[White "Petersen, Soren Boeck"]
[Black "Kohlmeyer, Dagobert"]
[Result "1-0"]
[WhiteElo "2253"]
[BlackElo "1764"]
[PlyCount "63"]
[EventDate "2009.??.??"]
[WhiteTeam "Danmarks Radio Skakklub"]
[BlackTeam "SC Rochade e.V."]

1. e4 e6 2. d4 d5 3. e5 c5 4. c3 Nc6 5. Nf3 Qb6 6. a3 Bd7 7. b4 cxb4 8. axb4 a5
9. Bd3 Rc8 10. bxa5 Nxa5 11. O-O Bb5 12. Na3 Bxd3 13. Qxd3 Ne7 14. Rb1 Qd8 15.
Nb5 Nec6 16. Bg5 f6 17. exf6 gxf6 18. Rfe1 Kf7 19. Bh4 Nc4 20. Ne5+ N4xe5 21.
dxe5 Be7 22. Bxf6 Bxf6 23. exf6 Ra8 24. Re3 e5 25. Rg3 e4 26. Qd1 Ne5 27. Qh5+
Ng6 28. h3 Ra2 29. Nc7 Rd2 30. Rxb7 Qc8 31. Ne8+ Kxe8 32. f7+ 1-0

[Event "Lichtenberger Sommer"]
[Site "Berlin"]
[Date "2009.08.15"]
[Round "1.12"]
[White "Rickmann, David"]
[Black "Syska, Albert"]
[Result "0-1"]
[WhiteElo "1763"]
[BlackElo "2245"]
[PlyCount "56"]
[EventDate "2009.??.??"]
[WhiteTeam "SG Aufbau Elbe Magdeburg"]
[BlackTeam "SK 1879 HD-Handschuhsheim"]

1. e4 c5 2. Nf3 d6 3. d4 cxd4 4. Nxd4 Nf6 5. Nc3 Nc6 6. Be3 Ng4 7. Bg5 Qb6 8.
Bb5 Bd7 9. Bxc6 bxc6 10. O-O h6 11. Bc1 g6 12. h3 Bg7 13. Nde2 Nf6 14. Rb1 O-O
15. Be3 Qc7 16. Ng3 Rad8 17. f4 Bc8 18. Qf3 Kh7 19. Qf2 c5 20. f5 Bb7 21. Rfd1
Nd7 22. Nge2 Nf6 23. Nf4 Nxe4 24. fxg6+ fxg6 25. Nxe4 Bxe4 26. Qg3 d5 27. Nh5
Qxg3 28. Nxg3 Bxc2 0-1

[Event "Lichtenberger Sommer"]
[Site "Berlin"]
[Date "2009.08.15"]
[Round "1.13"]
[White "Klundt, Klaus"]
[Black "Bergmann, Jens"]
[Result "1-0"]
[WhiteElo "2244"]
[BlackElo "1761"]
[PlyCount "43"]
[EventDate "2009.??.??"]
[WhiteTeam "vereinslos"]
[BlackTeam "SK Tempelhof 1931 e.V."]

1. e4 Nf6 2. e5 Nd5 3. d4 d6 4. Nf3 Bg4 5. Be2 e6 6. O-O Be7 7. h3 Bh5 8. c4
Nb6 9. Nc3 O-O 10. Be3 Nc6 11. exd6 cxd6 12. d5 Bxf3 13. Bxf3 Ne5 14. dxe6
Nxf3+ 15. Qxf3 fxe6 16. Qg4 Rf6 17. Rad1 e5 18. c5 Nc8 19. f4 Rg6 20. Qf3 Qc7
21. f5 Rf6 22. Nd5 1-0

[Event "Lichtenberger Sommer"]
[Site "Berlin"]
[Date "2009.08.15"]
[Round "1.14"]
[White "Penner, Markus"]
[Black "Giemsa, Stephan"]
[Result "0-1"]
[WhiteElo "1756"]
[BlackElo "2241"]
[PlyCount "70"]
[EventDate "2009.??.??"]
[WhiteTeam "SK Zehlendorf e.V."]
[BlackTeam "SK König Tegel 1949 e.V."]

1. e4 e6 2. d4 d5 3. Nc3 Nf6 4. e5 Nfd7 5. f4 c5 6. Nf3 a6 7. Be3 Qb6 8. Qd2
Qxb2 9. Rb1 Qa3 10. Be2 Nc6 11. O-O cxd4 12. Nxd4 Nxd4 13. Bxd4 Bc5 14. Kh1
Bxd4 15. Qxd4 Qc5 16. Qd3 O-O 17. Rf3 f6 18. Rh3 g6 19. Qg3 fxe5 20. fxe5 Qd4
21. Bd3 Qf4 22. Qe1 Nxe5 23. Be2 d4 24. Rh4 Qf6 25. Ne4 Qg7 26. Qg3 b5 27. Ng5
h6 28. Ne4 Bb7 29. Nc5 Bd5 30. Qh3 Rf2 31. Nxe6 Rxg2 32. Nxg7 Rg3+ 33. Qg2 Rxg2
34. Rxd4 Rxe2+ 35. Rxd5 Kxg7 0-1

[Event "Lichtenberger Sommer"]
[Site "Berlin"]
[Date "2009.08.15"]
[Round "1.15"]
[White "Brüdigam, Martin"]
[Black "Casny, Guenter"]
[Result "1-0"]
[WhiteElo "2239"]
[BlackElo "1754"]
[PlyCount "141"]
[EventDate "2009.??.??"]
[WhiteTeam "USV Potsdam e.V., Abt. Schach"]
[BlackTeam "SC Rochade e.V."]

1. e4 c5 2. Nf3 d6 3. c3 g6 4. d4 Nf6 5. dxc5 dxc5 6. Qxd8+ Kxd8 7. e5 Nd5 8.
Ng5 Ke8 9. Bc4 e6 10. O-O Nb6 11. Be2 Nc6 12. f4 Be7 13. Ne4 Kf8 14. Na3 a6 15.
Be3 Nd7 16. Nc4 b6 17. Rad1 Kg7 18. Ncd6 Ra7 19. Rd2 f5 20. exf6+ Nxf6 21. Nxf6
Bxf6 22. Rfd1 Ne7 23. Nxc8 Rxc8 24. Bc4 e5 25. fxe5 Bxe5 26. Rd7 Rcc7 27. Rxc7
Rxc7 28. Bxa6 Nf5 29. Bf2 Nd6 30. Bd3 b5 31. Re1 Bf4 32. g3 Bd2 33. Re6 Nc4 34.
Bxc4 bxc4 35. Rb6 Bc1 36. Kf1 Kf7 37. Ke2 Ke8 38. Kd1 Bg5 39. Rd6 Bh6 40. Rd5
Bf8 41. Be3 Rc6 42. Re5+ Kd7 43. Re4 Re6 44. Rxe6 Kxe6 45. Ke2 Kd5 46. Kf3 Bg7
47. g4 Be5 48. Bf4 Bf6 49. h3 Be7 50. a4 Bd8 51. Be3 Bc7 52. Bg5 Bb6 53. Bf6
Ke6 54. Bg7 Bd8 55. Ke4 Bc7 56. Bf8 Bb6 57. a5 Bxa5 58. Bxc5 h5 59. gxh5 gxh5
60. Kd4 Kf5 61. Kxc4 Ke6 62. b4 Bd8 63. b5 Ba5 64. Bd4 Kd7 65. Kd5 Kc7 66. c4
Bb4 67. c5 Ba3 68. b6+ Kc8 69. c6 Be7 70. Be5 Bd8 71. b7# 1-0

[Event "Lichtenberger Sommer"]
[Site "Berlin"]
[Date "2009.08.15"]
[Round "1.16"]
[White "Körner, Helmut"]
[Black "Plump, Detlef"]
[Result "0-1"]
[WhiteElo "1753"]
[BlackElo "2219"]
[PlyCount "116"]
[EventDate "2009.??.??"]
[WhiteTeam "Sfr.Nord-Ost Berlin"]
[BlackTeam "Chessclub York"]

1. b4 e5 2. Bb2 Bxb4 3. Bxe5 Nf6 4. Nf3 O-O 5. e3 d5 6. a3 Ba5 7. c4 c5 8. cxd5
Nxd5 9. Qc2 Nc6 10. Bb2 Qe7 11. Nc3 Nxc3 12. Bxc3 Bxc3 13. Qxc3 Bg4 14. Be2
Rac8 15. Rb1 b6 16. h3 Bh5 17. Rb2 Rfd8 18. O-O Rd6 19. Rd1 Rcd8 20. d3 h6 21.
Rbd2 Bg6 22. d4 cxd4 23. Nxd4 Nxd4 24. Rxd4 Rxd4 25. Rxd4 Rxd4 26. Qxd4 Qxa3
27. Kh2 Qa2 28. Qd1 a5 29. h4 Qc2 30. Qf1 h5 31. g4 hxg4 32. Bxg4 Be4 33. Kg3
Qc7+ 34. f4 Qc2 35. Bf3 Qc6 36. Bxe4 Qxe4 37. Qc1 a4 38. Kf2 b5 39. Qc8+ Kh7
40. Qd7 Qc4 41. Qf5+ Kg8 42. h5 b4 43. h6 gxh6 44. Qg4+ Kh8 45. Qh4 Qc2+ 46.
Kf3 Qc6+ 47. Kf2 Kh7 48. Qe7 Qc4 49. Qd7 b3 50. Qf5+ Kg8 51. Qf6 Qc2+ 52. Kf3
Qg6 53. Qe5 Qe6 54. Qb8+ Kh7 55. Qb4 Qc6+ 56. Kg3 Qe6 57. Kf2 Qf5 58. Qxa4 b2
0-1

[Event "Lichtenberger Sommer"]
[Site "Berlin"]
[Date "2009.08.15"]
[Round "1.17"]
[White "Sieglen, Joachim"]
[Black "Lieder, Günter"]
[Result "1-0"]
[WhiteElo "2208"]
[BlackElo "1745"]
[PlyCount "35"]
[EventDate "2009.??.??"]
[WhiteTeam "SV Marbach"]
[BlackTeam "SK Turm Bad Hersfeld"]

1. d4 Nf6 2. c4 e6 3. g3 d5 4. Nf3 dxc4 5. Bg2 Bb4+ 6. Bd2 Bxd2+ 7. Nbxd2 Nbd7
8. Nxc4 O-O 9. O-O Rb8 10. Rc1 b6 11. Nfe5 Nxe5 12. Nxe5 Bd7 13. Qc2 Bb5 14.
Rfd1 Ne8 15. Bc6 Nd6 16. Bxb5 Nxb5 17. Nc6 Qf6 18. a4 1-0

[Event "Lichtenberger Sommer"]
[Site "Berlin"]
[Date "2009.08.15"]
[Round "1.18"]
[White "Peschke, Matthias"]
[Black "Reichenbach, Werner"]
[Result "0-1"]
[WhiteElo "1741"]
[BlackElo "2191"]
[PlyCount "26"]
[EventDate "2009.??.??"]
[WhiteTeam "SK Marmstorf GW Harburg"]
[BlackTeam "SK Zehlendorf e.V."]

1. c4 e5 2. g3 Nf6 3. Bg2 c6 4. e4 d5 5. exd5 cxd5 6. cxd5 Nxd5 7. Qe2 Nb4 8.
Qxe5+ Be7 9. Qc3 Bf5 10. Na3 N8c6 11. Ne2 Nd3+ 12. Kf1 Rc8 13. Nc4 Nce5 0-1

[Event "Lichtenberger Sommer"]
[Site "Berlin"]
[Date "2009.08.15"]
[Round "1.19"]
[White "Kachibadze, Georg"]
[Black "Kiesewetter, Peter"]
[Result "1-0"]
[WhiteElo "2181"]
[BlackElo "1740"]
[PlyCount "67"]
[EventDate "2009.??.??"]
[WhiteTeam "SK König Tegel 1949 e.V."]
[BlackTeam "SC Schwarz-Weiß Lichtenrade e.V."]

1. e4 c5 2. Nf3 e6 3. d4 cxd4 4. Nxd4 Nf6 5. Bd3 Nc6 6. Nxc6 bxc6 7. O-O d6 8.
f4 Qc7 9. c4 c5 10. Nc3 a6 11. Qe1 Bb7 12. e5 Nd7 13. exd6 Bxd6 14. Ne4 O-O-O
15. Bd2 Qc6 16. Qe2 Nf6 17. Ng5 Qd7 18. Rad1 h6 19. Nf3 Qc6 20. Ba5 Bc7 21. Ne5
Qe8 22. Bxc7 Kxc7 23. b4 Qe7 24. b5 a5 25. Qd2 Kb6 26. Nc6 Bxc6 27. bxc6 Qc7
28. Qb2+ Ka7 29. Qa3 Qxc6 30. Rb1 Ka6 31. Rb5 Qc7 32. Rfb1 Rd6 33. Qb3 Rhd8 34.
Rxa5+ 1-0

[Event "Lichtenberger Sommer"]
[Site "Berlin"]
[Date "2009.08.15"]
[Round "1.20"]
[White "Ritter, Uwe"]
[Black "Schindler, Samuel"]
[Result "0-1"]
[WhiteElo "1737"]
[BlackElo "2169"]
[PlyCount "70"]
[EventDate "2009.??.??"]
[WhiteTeam "Reideburger SV 90 Halle"]
[BlackTeam "SC Pfullendorf"]

1. f4 d5 2. Nf3 Nf6 3. e3 Bg4 4. b3 Nbd7 5. Bb2 c6 6. Be2 Qc7 7. Ne5 Bxe2 8.
Qxe2 e6 9. d3 Bd6 10. Nxd7 Kxd7 11. Nd2 e5 12. O-O-O Rae8 13. f5 a5 14. g4 h6
15. h4 h5 16. g5 Ng4 17. e4 a4 18. Rdg1 axb3 19. axb3 Qa5 20. Nb1 Bc5 21. Bc3
Bb4 22. Bb2 Qc5 23. c3 d4 24. Kd2 dxc3+ 25. Bxc3 Ra8 26. Rc1 Ra2+ 27. Rc2 Rha8
28. Kc1 Ba3+ 29. Kd2 Rxc2+ 30. Kxc2 b5 31. Kd2 Bb4 32. Rc1 Ra2+ 33. Rc2 Bxc3+
34. Nxc3 Rxc2+ 35. Kxc2 b4 0-1

[Event "Lichtenberger Sommer"]
[Site "Berlin"]
[Date "2009.08.15"]
[Round "1.21"]
[White "Neffe, Axel"]
[Black "Roth, Joachim"]
[Result "1-0"]
[WhiteElo "2167"]
[BlackElo "1728"]
[PlyCount "61"]
[EventDate "2009.??.??"]
[WhiteTeam "Queer-Springer SSV Berlin"]
[BlackTeam "SG Bund"]

1. e4 e6 2. d4 c5 3. Nf3 cxd4 4. Nxd4 Bc5 5. Nb3 Bb6 6. Nc3 Nc6 7. Bd3 Nge7 8.
Qe2 d5 9. e5 a6 10. f4 Nf5 11. g3 Nb4 12. Bd2 Nxd3+ 13. Qxd3 Bd7 14. O-O-O Qc7
15. g4 Ne7 16. Be3 Nc6 17. Kb1 Rc8 18. Rhe1 Na5 19. Bxb6 Qxb6 20. Nxa5 Qxa5 21.
f5 O-O 22. f6 Rc4 23. Re3 Rxg4 24. Rg3 Rg6 25. h4 d4 26. h5 Rxg3 27. Qxg3 g6
28. Qg5 Kh8 29. Ne4 Be8 30. Qh6 Rg8 31. Ng5 1-0

[Event "Lichtenberger Sommer"]
[Site "Berlin"]
[Date "2009.08.15"]
[Round "1.22"]
[White "Albinus, Günter"]
[Black "Rietze, Clemens"]
[Result "0-1"]
[WhiteElo "1728"]
[BlackElo "2158"]
[PlyCount "102"]
[EventDate "2009.??.??"]
[WhiteTeam "SG Weißensee 49 e.V."]
[BlackTeam "USV Potsdam e.V., Abt. Schach"]

1. c4 Nf6 2. Nf3 g6 3. Nc3 d5 4. e3 Bg7 5. d4 O-O 6. cxd5 Nxd5 7. Bd2 c5 8. Qb3
Nb4 9. dxc5 N8c6 10. Bc4 Nd3+ 11. Bxd3 Qxd3 12. Na4 Qa6 13. Rc1 Be6 14. Qc2
Rfc8 15. b3 b5 16. Qd3 Rd8 17. Qe2 Rxd2 18. Nxd2 Qa5 19. O-O bxa4 20. Rfd1 Rc8
21. Nc4 Qa6 22. Rd2 axb3 23. axb3 Qb5 24. Qd1 Rb8 25. Qf3 Qxc5 26. Rdc2 Qd5 27.
Qxd5 Bxd5 28. Nd2 Nb4 29. Rc8+ Rxc8 30. Rxc8+ Bf8 31. e4 Bc6 32. f3 Kg7 33. Rc7
e5 34. Nc4 Kf6 35. Kf1 a6 36. Ke2 Ke6 37. Kd2 h6 38. Ne3 h5 39. Kc3 Bb5 40. Nc4
Nc6 41. Ne3 Bb4+ 42. Kb2 Ne7 43. Nd5 Nxd5 44. exd5+ Kxd5 45. Rxf7 Kd4 46. Rf6
Bd3 47. Re6 a5 48. Rc6 Ke3 49. Re6 Kf4 50. g3+ Kf5 51. g4+ Kxe6 0-1

[Event "Lichtenberger Sommer"]
[Site "Berlin"]
[Date "2009.08.15"]
[Round "1.23"]
[White "Behrmann, Joachim"]
[Black "Uckar, Klaudijo"]
[Result "1-0"]
[WhiteElo "2151"]
[BlackElo "1725"]
[PlyCount "181"]
[EventDate "2009.??.??"]
[WhiteTeam "SK Zehlendorf e.V."]
[BlackTeam "SC Kreuzberg e.V."]

1. d4 Nf6 2. c4 g6 3. Nc3 Bg7 4. e4 d6 5. Nf3 O-O 6. h3 e5 7. d5 Nh5 8. Bg5 Bf6
9. Be3 Nd7 10. g3 b6 11. Be2 a5 12. Nd2 Ng7 13. Qc2 Bg5 14. Bxg5 Qxg5 15. h4
Qe7 16. h5 Nc5 17. O-O-O Ne8 18. Nf3 g5 19. h6 f6 20. Qd2 Kh8 21. Qe3 Bd7 22.
Rh5 Rg8 23. Rh2 a4 24. Rh5 Rg6 25. Rdh1 Nb7 26. Nh2 Nd8 27. Bg4 Nf7 28. Bxd7
Qxd7 29. Nf3 Ra5 30. Qd3 Rc5 31. Ne1 Ra5 32. Nc2 c6 33. Ne3 c5 34. Nf5 Nc7 35.
Kc2 a3 36. b3 Na6 37. Kb1 Nc7 38. R5h2 Ra8 39. f3 Ra5 40. Ka1 Rg8 41. Rb1 Rb8
42. b4 cxb4 43. Rxb4 Na6 44. Rb5 Qc7 45. Rc2 Nc5 46. Qe3 Ra6 47. Rb1 Rba8 48.
Nb5 Qd8 49. Rc3 Qd7 50. Re1 Ra4 51. Qc1 Qc8 52. Nbxd6 Nxd6 53. Nxd6 Qh3 54. Nf5
Qg2 55. Qc2 Qxc2 56. Rxc2 Kg8 57. g4 Kf8 58. Re3 Ke8 59. Nd6+ Kd7 60. Nb5 R8a5
61. Rcc3 Na6 62. Rxa3 Rxc4 63. Rxa5 bxa5 64. Rc3 Rb4 65. Na3 a4 66. Rc6 Nc7 67.
Nc2 Rb5 68. Rxf6 Ke7 69. Rc6 Ne8 70. Rc4 Ra5 71. Kb2 Ra6 72. Nb4 Rxh6 73. Nc6+
Kd6 74. Ka3 Rh2 75. Nb4 h5 76. gxh5 Rxh5 77. Rc6+ Kd7 78. Nd3 g4 79. fxg4 Rh3
80. Rc3 Ke7 81. Kb4 Nf6 82. Nxe5 Rxc3 83. Kxc3 Nxe4+ 84. Kd4 Nd6 85. Nc4 Nb7
86. g5 Kf7 87. Nb6 a3 88. Nc4 Kg6 89. Nxa3 Kxg5 90. Nc4 Kf6 91. a4 1-0

[Event "Lichtenberger Sommer"]
[Site "Berlin"]
[Date "2009.08.15"]
[Round "1.24"]
[White "Smajic, Mirza"]
[Black "Escher, Clemens"]
[Result "0-1"]
[WhiteElo "1721"]
[BlackElo "2149"]
[PlyCount "49"]
[EventDate "2009.??.??"]
[WhiteTeam "SC Borussia Friedrichsfelde 1920"]
[BlackTeam "SK König Tegel 1949 e.V."]

1. Nf3 d5 2. g3 Nf6 3. Bg2 Bg4 4. O-O c6 5. d3 Nbd7 6. Nbd2 e5 7. c4 Bd6 8. a3
a5 9. b3 O-O 10. Bb2 Re8 11. h3 Bh5 12. g4 Bg6 13. Nh4 Qe7 14. Nxg6 hxg6 15. e4
dxe4 16. Nxe4 Nxe4 17. dxe4 Rad8 18. Qd2 Bc7 19. Qc3 Nc5 20. Rad1 Ne6 21. Qe3
Nd4 22. Bxd4 exd4 23. Qc1 g5 24. Rd3 Qe5 25. c5 0-1

[Event "Lichtenberger Sommer"]
[Site "Berlin"]
[Date "2009.08.15"]
[Round "1.25"]
[White "Schäfer, Erik"]
[Black "Fuchs, Joerg"]
[Result "1-0"]
[WhiteElo "2136"]
[BlackElo "1719"]
[PlyCount "51"]
[EventDate "2009.??.??"]
[WhiteTeam "USV TU Dresden"]
[BlackTeam "SC Kreuzberg e.V."]

1. e4 e5 2. Nf3 d6 3. d4 exd4 4. Nxd4 Nf6 5. Nc3 Be7 6. Be2 O-O 7. O-O Re8 8.
f4 Bf8 9. Bf3 c6 10. a4 Nbd7 11. a5 Qc7 12. Re1 Nc5 13. b4 Ne6 14. Nb3 d5 15.
exd5 Bxb4 16. Bd2 Nxf4 17. Rxe8+ Nxe8 18. dxc6 bxc6 19. Nb5 Qe5 20. Qe1 Qxb5
21. Qxe8+ Bf8 22. Bxf4 Bb7 23. Qe2 Qb4 24. Qe4 Qc3 25. Be5 Bc5+ 26. Kh1 1-0